000 nam a22 7a 4500
999 _c55835
_d55835
003 OSt
005 20221014130028.0
008 221014b xxu||||| |||| 00| 0 eng d
040 _cIIMT COLLEGE OF ENGINEERING,GREATER NOIDA
100 _aSALIVAHANAN,S & ARIVAZHAGAN,S
245 _aDIGITAL CIRCUITS AND DESIGN
260 _aNEW DELHI
_bOXFORD
_c2018
300 _a715
942 _2ddc
_c02